00329nam a2200145Ia 4500008004100000041000800041100001700049245002100066260002400087300000900111520001500120520001900135650001000154999001900164230605s1989 xx 000 0 und d aeng aElliot Rosek aZodiac Cook Book bpyramid booksc1989 a144p aHard Board aReference Copy aF.Pro c419676d419676